长江干流流经的县级行政单位 - Statistics

General Stats
  • This quiz has been taken 9 times
  • The average score is 119 of 176
Answers on the Map
Answers color-coded by a green-red scale on the quiz's map according to % correct below.
 
Answer Stats
Answer % Correct
海西蒙古族藏族自治州 格尔木市
88%
迪庆藏族自治州 香格里拉市
88%
攀枝花市 西区
88%
攀枝花市 东区
88%
昭通市 水富市
88%
重庆市 九龙坡区
88%
重庆市 南岸区
88%
重庆市 渝中区
88%
重庆市 涪陵区
88%
重庆市 忠县
88%
重庆市 万州区
88%
重庆市 奉节县
88%
重庆市 巫山县
88%
恩施土家族苗族自治州 巴东县
88%
宜昌市 秭归县
88%
宜昌市 夷陵区
88%
荆州市 石首市
88%
荆州市 监利市
88%
岳阳市 君山区
88%
岳阳市 岳阳县
88%
岳阳市 岳阳楼区
88%
荆州市 洪湖市
88%
咸宁市 赤壁市
88%
武汉市 汉阳区
88%
武汉市 武昌区
88%
武汉市 江汉区
88%
武汉市 江岸区
88%
武汉市 黄陂区
88%
芜湖市 无为市
88%
芜湖市 鸠江区
88%
马鞍山市 和县
88%
马鞍山市 雨山区
88%
马鞍山市 花山区
88%
南京市 江宁区
88%
南京市 浦口区
88%
南京市 雨花台区
88%
南京市 建邺区
88%
南京市 鼓楼区
88%
南京市 栖霞区
88%
南京市 六合区
88%
扬州市 仪征市
88%
镇江市 丹徒区
88%
镇江市 句容市
88%
镇江市 润州区
88%
扬州市 邗江区
88%
镇江市 京口区
88%
扬州市 广陵区
88%
镇江市 扬中市
88%
扬州市 江都区
88%
泰州市 高港区
88%
泰州市 泰兴市
88%
常州市 新北区
88%
泰州市 靖江市
88%
无锡市 江阴市
88%
苏州市 张家港市
88%
南通市 如皋市
88%
南通市 通州区
88%
南通市 崇川区
88%
苏州市 常熟市
88%
南通市 海门区
88%
苏州市 太仓市
88%
上海市 崇明区
88%
南通市 启东市
88%
上海市 浦东新区
88%
玉树藏族自治州 曲麻莱县
75%
丽江市 玉龙纳西族自治县
75%
丽江市 古城区
75%
宜宾市 叙州区
75%
泸州市 龙马潭区
75%
泸州市 泸县
75%
重庆市 江津区
75%
重庆市 大渡口区
75%
重庆市 巴南区
75%
重庆市 两江新区
75%
重庆市 长寿区
75%
重庆市 云阳县
75%
宜昌市 西陵区
75%
宜昌市 伍家岗区
75%
宜昌市 猇亭区
75%
宜昌市 宜都市
75%
荆州市 松滋市
75%
荆州市 公安县
75%
荆州市 沙市区
75%
荆州市 江陵县
75%
岳阳市 华容县
75%
岳阳市 临湘市
75%
武汉市 江夏区
75%
武汉市 蔡甸区
75%
武汉市 洪山区
75%
武汉市 青山区
75%
武汉市 新洲区
75%
鄂州市 华容区
75%
黄冈市 黄州区
75%
黄石市 黄石港区
75%
黄石市 西塞山区
75%
黄冈市 武穴市
75%
九江市 柴桑区
75%
九江市 湖口县
75%
池州市 东至县
75%
铜陵市 郊区
75%
芜湖市 繁昌区
75%
芜湖市 镜湖区
75%
上海市 宝山区
75%
玉树藏族自治州 玉树市
63%
迪庆藏族自治州 德钦县
63%
凉山彝族自治州 木里藏族自治县
63%
攀枝花市 盐边县
63%
宜宾市 翠屏区
63%
泸州市 合江县
63%
重庆市 永川区
63%
重庆市 丰都县
63%
宜昌市 点军区
63%
宜昌市 枝江市
63%
荆州市 荆州区
63%
岳阳市 云溪区
63%
武汉市 汉南区
63%
黄冈市 团风县
63%
鄂州市 鄂城区
63%
黄冈市 蕲春县
63%
黄石市 阳新县
63%
黄冈市 黄梅县
63%
九江市 浔阳区
63%
安庆市 宿松县
63%
安庆市 望江县
63%
池州市 贵池区
63%
铜陵市 枞阳县
63%
铜陵市 铜官区
63%
芜湖市 弋江区
63%
马鞍山市 当涂县
63%
玉树藏族自治州 治多县
50%
玉树藏族自治州 称多县
50%
甘孜藏族自治州 德格县
50%
甘孜藏族自治州 白玉县
50%
丽江市 宁蒗彝族自治县
50%
丽江市 华坪县
50%
攀枝花市 仁和区
50%
凉山彝族自治州 会理市
50%
楚雄彝族自治州 元谋县
50%
昭通市 昭阳区
50%
宜宾市 屏山县
50%
泸州市 纳溪区
50%
重庆市 石柱土家族自治县
50%
咸宁市 嘉鱼县
50%
黄冈市 浠水县
50%
九江市 瑞昌市
50%
九江市 濂溪区
50%
安庆市 大观区
50%
安庆市 迎江区
50%
铜陵市 义安区
50%
甘孜藏族自治州 石渠县
38%
昌都市 贡觉县
38%
甘孜藏族自治州 巴塘县
38%
昌都市 芒康市
38%
楚雄彝族自治州 大姚县
38%
昆明市 禄劝彝族苗族自治县
38%
昆明市 东川区
38%
昭通市 巧家县
38%
九江市 彭泽县
38%
甘孜藏族自治州 得荣县
25%
迪庆藏族自治州 维西傈僳族自治县
25%
大理白族自治州 鹤庆县
25%
大理白族自治州 宾川县
25%
楚雄彝族自治州 永仁县
25%
楚雄彝族自治州 武定县
25%
凉山彝族自治州 会东县
25%
凉山彝族自治州 宁南县
25%
凉山彝族自治州 雷波县
25%
昭通市 绥江县
25%
宜宾市 南溪区
25%
宜宾市 江安县
25%
泸州市 江阳区
25%
昌都市 江达县
13%
丽江市 永胜县
13%
凉山彝族自治州 布拖县
13%
凉山彝族自治州 金阳县
13%
昭通市 永善县
13%
No matching quizzes found
Score Distribution
Percent of People with Each Score
Percentile by Number Answered
Your Score History
You have not taken this quiz